000 00635nam a2200241 i 4500
001 C2-0310169
003 PPAK
005 20180728101418.0
008 110612s1993 my |||| ||||| | may d
020 _a9836238743
040 _aPPAK
_beng
_cPPAK
_erda
082 0 4 _a410
_223
090 0 0 _a410
_bLEE
_dKMI
100 1 _aLeech, Geoffrey,
_eauthor
245 1 0 _aPrinsip pragmatik
264 1 _aKuala Lumpur :
_bDewan Bahasa dan Pustaka ,
_c1993
300 _axv, 298 pages ;
_c21 cm
336 _2rdacontent
_atext
337 _2rdamedia
_aunmediated
338 _2rdacarrier
_avolume
650 1 0 _aPragmatics.
942 _ddc
_cB
999 _c112659
_d112659